Secret Country XXI Quiz Stats

 Plays Quiz Updated Jan 12, 2021

Support Sporcle.
Go Orange.
Score 0/197 Timer 01:00
22 Plays Today
% Correct
Italy
87.3%
Germany
82%
France
81.8%
Austria
75.4%
United Kingdom
75.3%
Spain
74.6%
Switzerland
73.3%
Russia
72.3%
Poland
72.1%
United States of America
71.6%
Greece
71.5%
Croatia
68.6%
Czechia
68.1%
Hungary
67.8%
Vatican City
66.1%
China
65.6%
Serbia
65.1%
Brazil
64.9%
Romania
64.3%
Turkey
64.1%
Egypt
64%
Belgium
63.9%
San Marino
63.8%
Slovakia
62.8%
Sweden
62.8%
Ukraine
62.8%
Canada
62.6%
Luxembourg
62.4%
Albania
62.4%
Norway
62.3%
Monaco
62.1%
Liechtenstein
61.9%
Netherlands
61.8%
Australia
61.8%
Portugal
61.6%
India
61.5%
Malta
61.4%
Bulgaria
61.2%
Denmark
61.1%
Ireland
61.1%
Kosovo
61.1%
Andorra
61%
Bosnia and Herzegovina
60.9%
North Macedonia
60.6%
Mexico
60.5%
South Africa
60.4%
Montenegro
60.2%
Iceland
60.2%
Chad
60.2%
Morocco
60.1%
Algeria
59.8%
Finland
59.8%
Libya
59.3%
Belarus
59.2%
Moldova
58.9%
Cyprus
58.7%
Iran
58.4%
Latvia
58.2%
Estonia
58.2%
Niger
58.1%
Saudi Arabia
58.1%
Sudan
58%
Tunisia
58%
Mali
57.8%
Democratic Republic of the Congo
57.7%
Israel
57.7%
% Correct
Lithuania
57.6%
Chile
57.5%
Japan
57.5%
Panama
57.4%
Argentina
57.2%
New Zealand
57.2%
Cuba
57%
Jordan
57%
Ghana
57%
Iraq
57%
Peru
56.9%
Kenya
56.8%
United Arab Emirates
56.7%
Oman
56.7%
Yemen
56.6%
Syria
56.6%
Honduras
56.5%
Guatemala
56.5%
Indonesia
56.5%
Mongolia
56.4%
Central African Republic
56.4%
Togo
56.4%
Angola
56.4%
Somalia
56.4%
Belize
56.3%
Fiji
56.3%
Nigeria
56.3%
Costa Rica
56.3%
Nicaragua
56.3%
Republic of the Congo
56.3%
Ethiopia
56.3%
Armenia
56.2%
Georgia
56.2%
Senegal
56.2%
Colombia
56.2%
Bolivia
56.2%
Madagascar
56.2%
Lebanon
56.2%
Jamaica
56.1%
Cote d'Ivoire
56.1%
El Salvador
56.1%
Lesotho
56.1%
Uruguay
56.1%
Liberia
56%
Haiti
56%
Uganda
56%
Benin
56%
Papua New Guinea
56%
Venezuela
56%
Kazakhstan
56%
Palestine
56%
Gabon
55.9%
Pakistan
55.9%
Paraguay
55.9%
Ecuador
55.9%
Samoa
55.9%
Thailand
55.9%
Laos
55.9%
Tonga
55.9%
Zambia
55.9%
The Gambia
55.9%
Namibia
55.9%
Palau
55.9%
Vietnam
55.9%
Cameroon
55.9%
Malaysia
55.9%
% Correct
Qatar
55.9%
Tuvalu
55.9%
Guinea
55.9%
Kiribati
55.8%
Mauritania
55.9%
Micronesia
55.9%
Philippines
55.9%
Rwanda
55.8%
Vanuatu
55.9%
Sierra Leone
55.8%
The Bahamas
55.8%
Maldives
55.8%
Kuwait
55.8%
Nauru
55.8%
Nepal
55.8%
Afghanistan
55.8%
Botswana
55.8%
Dominica
55.8%
Solomon Islands
55.8%
Tanzania
55.8%
Marshall Islands
55.8%
Singapore
55.8%
South Sudan
55.8%
Zimbabwe
55.8%
Djibouti
55.8%
South Korea
55.7%
Suriname
55.8%
Azerbaijan
55.7%
Guyana
55.7%
Barbados
55.7%
Eritrea
55.7%
Malawi
55.7%
Timor-Leste
55.7%
Uzbekistan
55.7%
North Korea
55.7%
Cabo Verde
55.7%
Mozambique
55.7%
Burkina Faso
55.7%
Brunei
55.7%
Sri Lanka
55.7%
Eswatini
55.7%
Bahrain
55.7%
Cambodia
55.7%
Saint Lucia
55.7%
Seychelles
55.7%
Trinidad and Tobago
55.7%
Bhutan
55.7%
Saint Kitts and Nevis
55.7%
Taiwan
55.7%
Comoros
55.7%
Myanmar
55.6%
Turkmenistan
55.6%
Bangladesh
55.6%
Burundi
55.6%
Grenada
55.6%
Dominican Republic
55.6%
Kyrgyzstan
55.6%
Mauritius
55.6%
Saint Vincent and the Grenadines
55.6%
Sao Tome and Principe
55.6%
Antigua and Barbuda
55.6%
Equatorial Guinea
55.6%
Tajikistan
55.6%
Guinea-Bissau
55.6%
Slovenia
55.5%

You're not logged in!

Compare scores with friends on all Sporcle quizzes.
OR
Log In

From the Vault

Who's That With Elmo?

by Exodiafinder687

Dang, Elmo is more important than we thought.
Remove Ads.
Support Sporcle.
Get the best of Sporcle when you Go Orange. This ad-free experience offers more features, more stats, and more fun while also helping to support Sporcle. Thank you for becoming a member.

Show Comments

Extras

Top Quizzes Today


Score Distribution

Your Account Isn't Verified!

In order to create a playlist on Sporcle, you need to verify the email address you used during registration. Go to your Sporcle Settings to finish the process.

Report this User

Report this user for behavior that violates our Community Guidelines.

Details: